书目信息 |
| 题名: |
美食江湖
|
|
| 作者: | 成应翠 , 吴淑严 主编 | |
| 分册: | ||
| 出版信息: | 北京 机械工业出版社 2008 |
|
| 页数: | 176页 | |
| 开本: | 20cm | |
| 丛书名: | 英语会话震撼教育系列 | |
| 单 册: | ||
| 中图分类: | H319.9 | |
| 科图分类: | ||
| 主题词: | 英语--ying yu--口语 | |
| 电子资源: | ||
| ISBN: | 978-7-111-22871-4 | |
| 000 | 00859nam 2200253 450 | |
| 001 | 0100000609 | |
| 005 | 20080612162728.93 | |
| 010 | @a978-7-111-22871-4@dCNY23.00 (含光盘) | |
| 100 | @a20080529d2008 ekmy0chiy0121 ea | |
| 101 | 0 | @achi |
| 102 | @aCN@b110000 | |
| 105 | @aa z 000yy | |
| 200 | 1 | @a美食江湖@Amei shi jiang hu@d= The paradise of delicious food@f成应翠, 吴淑严主编@zeng |
| 210 | @a北京@c机械工业出版社@d2008 | |
| 215 | @a176页@c图@d20cm@e光盘1片 | |
| 225 | 2 | @a英语会话震撼教育系列@Aying yu hui hua zhen han jiao yu ji lie |
| 330 | @a本书全面搜罗餐饮中常见的句型和词汇。 | |
| 510 | 1 | @aParadise of delicious food@zeng |
| 606 | 0 | @a英语@Aying yu@x口语 |
| 690 | @aH319.9@v4 | |
| 701 | 0 | @a成应翠@Acheng ying cui@4主编 |
| 701 | 0 | @a吴淑严@Awu shu yan@4主编 |
| 801 | 0 | @aCN@c20080612 |
| 905 | @b20801473-75@dH319.9@eC721@fH319.9/C721 | |
| 美食江湖= The paradise of delicious food/成应翠, 吴淑严主编.-北京:机械工业出版社,2008 |
| 176页:图;20cm+光盘1片.-(英语会话震撼教育系列) |
| ISBN 978-7-111-22871-4:CNY23.00 (含光盘) |
| 本书全面搜罗餐饮中常见的句型和词汇。 |
| ● |
| 相关链接 |
|
|
|
正题名:美食江湖
索取号:H319.9/C721
 
预约/预借
| 序号 | 登录号 | 条形码 | 馆藏地/架位号 | 状态 | 备注 |
| 1 | 801006 | 208010061 | 语言库209/209语言库 28排1列2层/ [索取号:H319.9/C721] | 在馆 | |
| 2 | 801007 | 208010070 | 语言库209/209语言库 28排1列2层/ [索取号:H319.9/C721] | 在馆 | |
| 3 | 801008 | 208010089 | 语言库209/209语言库 28排1列2层/ [索取号:H319.9/C721] | 在馆 |